<?xml version="1.0" encoding="UTF-8"?>
<marc:record xmlns:marc="http://www.loc.gov/MARC21/slim">
   <marc:leader>00000nam a2200000 a 4500</marc:leader>
   <marc:datafield ind1="1" ind2=" " tag="100">
      <marc:subfield code="a">Dahme, Otfried</marc:subfield>
      <marc:subfield code="4">aut</marc:subfield>
      <marc:subfield code="e">Verfasser/-in</marc:subfield>
   </marc:datafield>
   <marc:datafield ind1="1" ind2=" " tag="100">
      <marc:subfield code="a">Wiese, Annegret</marc:subfield>
      <marc:subfield code="4">aut</marc:subfield>
      <marc:subfield code="e">Verfasser/-in</marc:subfield>
   </marc:datafield>
   <marc:datafield ind1=" " ind2=" " tag="653">
      <marc:subfield code="a">Ehescheidung</marc:subfield>
   </marc:datafield>
   <marc:datafield ind1=" " ind2=" " tag="653">
      <marc:subfield code="a">Frau</marc:subfield>
   </marc:datafield>
   <marc:datafield ind1=" " ind2=" " tag="653">
      <marc:subfield code="a">Ratgeber</marc:subfield>
   </marc:datafield>
   <marc:datafield ind1="0" ind2="0" tag="245">
      <marc:subfield code="a">Die Scheidung</marc:subfield>
   </marc:datafield>
   <marc:datafield ind1="0" ind2="0" tag="245">
      <marc:subfield code="b">ein juristischer und psychologischer Ratgeber für Frauen</marc:subfield>
   </marc:datafield>
   <marc:datafield ind1="0" ind2="0" tag="245">
      <marc:subfield code="c">Otfried Dahme ; Annegret Wiese</marc:subfield>
   </marc:datafield>
   <marc:datafield ind1=" " ind2="1" tag="264">
      <marc:subfield code="a">Hannover</marc:subfield>
      <marc:subfield code="b">Humboldt</marc:subfield>
      <marc:subfield code="c">2008</marc:subfield>
   </marc:datafield>
   <marc:datafield ind1="1" ind2=" " tag="490">
      <marc:subfield code="a">Psychologie &amp; Lebensgestaltung</marc:subfield>
   </marc:datafield>
   <marc:datafield ind1=" " ind2=" " tag="250">
      <marc:subfield code="a">2., vollst. aktualisierte Aufl.</marc:subfield>
   </marc:datafield>
   <marc:datafield ind1="1" ind2=" " tag="520">
      <marc:subfield code="a">Angaben aus der Verlagsmeldung

Die Scheidung : Ein juristischer und psychologischer Ratgeber für Frauen / von Otfried Dahme, Annegret Wiese

Vor der Trennung: Eheberatung, Vorbereitung der Trennung, Die Trennung: Gesetzeslage, Leben in der Trennung, rechtsanwaltschaftliche Unterstützung, Gerichtliche Verfahren, Finanzen, Sozialhilfe (Hartz IV), Trennungsschmerz, die alleinerziehende Frau nach der Trennung, die Freunde nach der Trennung, Scheidung: rechtliche Voraussetzungen, psychologische Faktoren, Unterhalt, Elterliche Sorge, Umgangsrecht, Zugewinnausgleich, Rentenversorgungsausgleich, Hausrat, Ehewohnung, steuerliche Fragen, Scheidungskosten, Prozesskostenhilfe, Nach der Scheidung: Rechtsmittel, Personenstand/Name, Versicherungen, psychische Probleme, Unterhalt, Düsseldorfer Tabelle. Sich Trennen und Scheiden lassen bedeutet eine juristische und emotionale Notlage. Frauen finden in diesem Buch Orientierung. Ganz praktisch beraten die Autoren in allen rechtlichen Fragen. Sie helfen auch auf emotionaler Ebene, mit der psychischen Ausnahmesituation fertig zu werden und die vielfältigen Probleme zu lösen. Fast jede dritte Ehe in Deutschland wird geschieden. Scheidung, das bedeutet: eine juristische und emotionale Notlage, in der man Orientierung braucht. Dieses Buch will insbesondere den betroffenen Frauen helfen und sie sowohl in rechtlichen und praktischen Fragen als auch im Hinblick auf die psychische Ausnahmesituation beraten. Die Autoren - beide Rechtsanwälte und Diplom-Psychologen - geben kompetent und fundiert Rat und Hilfestellung zur Lösung der vielfältigen Probleme. Ein praktischer und wertvoller Ratgeber für alle, die eine Trennungskrise bewältigen wollen.
</marc:subfield>
   </marc:datafield>
   <marc:datafield ind1=" " ind2=" " tag="020">
      <marc:subfield code="a">9783899941722</marc:subfield>
      <marc:subfield code="9">9783899941722</marc:subfield>
   </marc:datafield>
   <marc:datafield ind1=" " ind2=" " tag="041">
      <marc:subfield code="a">ger</marc:subfield>
   </marc:datafield>
   <marc:datafield ind1=" " ind2=" " tag="300">
      <marc:subfield code="a">287 S.</marc:subfield>
   </marc:datafield>
</marc:record>
